Quiz sur la Somme - Statistiques

Statistiques générales
  • Ce quiz a été pris 2 887 fois
  • Le résultat moyen est 11 sur 18
Statistiques - réponses
Question Réponse % Correct
Région dans laquelle il se situe depuis 2016 Hauts-de-France
95%
Numéro du département 80
93%
Préfecture et ville la plus peuplée Amiens
93%
Mer dans laquelle se jette le fleuve Somme Manche
93%
Président français élu à deux reprises, en 2017 et en 2022 Emmanuel Macron
92%
Région à laquelle il appartenait jusqu'alors Picardie
87%
Conflit lors duquel la bataille de la Somme a fait plus d'un million de victimes Première Guerre mondiale
77%
Mammifère marin emblématique que l'on peut observer dans la baie de Somme Phoque
67%
6 communes de la Somme sont doté de ce type d'édifice communal,typique du Nord de la France et de Belgique, servant à faire le guet Beffroi
60%
Sous-préfecture et deuxième plus grande ville, capitale historique du Ponthieu Abbeville
58%
Pharmacien né dans la Somme, indissociable de la pomme de terre Antoine Parmentier
57%
Figure majeure de la Libération et commandant illustre de la 2e DB Philippe Leclerc
48%
Écrivain ayant composé plus de 30 romans dans la préfecture entre1871 à 1905, sa maison est désormais reconvertie en un musée Jules Verne
40%
Deux autres sous-préfectures du département (nommez-en une) Montdidier | Péronne
39%
Ce bâtiment de la préfecture est le plus vaste de France (200 000 m3) Cathédrale Notre-Dame
37%
Célèbre auteur des Liaisons Dangereuses, né en 1741 dans la préfecture Pierre Choderlos de Laclos
31%
Gentilé désignant un habitant de la Somme Samarien
26%
Naturaliste à l'origine du mot biologie et d'une théorie transformiste de l'évolution Jean-Baptiste de Lamarck
12%
Aucun quiz correspondant
Distribution des résultats
% des personnes avec chaque résultat
Percentile par nombre de réponses
Votre historique - résultats
Vous n’avez pas pris ce quiz